Business communication

Bibliographic Details
Main Author: Robertson, J. L.
Format: Book
Language:English
Published: Kuala Lumpur : Golden Books Centre , 2006
Subjects:

MARC

LEADER 00000cam a2200000 7i4500
001 0000021802
005 20090107.0
008 081125s my eng
020 |a 9837204907 
040 |a INS 
090 0 0 |a HF5718   |b R63 2006 
100 1 |a Robertson, J. L. 
245 1 0 |a Business communication   |c J.L Robertson 
260 |a Kuala Lumpur :   |b Golden Books Centre ,   |c 2006 
300 |a ii, 149p. ;   |c 22cm. 
650 0 0 |a Business communication 
999 |a 0000020292   |b BOOK   |c Open Shelf   |e Default branch